| 000 | 00549nam a2200169 4500 | ||
|---|---|---|---|
| 001 | 137178 | ||
| 003 | ES-MaACL | ||
| 005 | 20230906195327.0 | ||
| 007 | t| | ||
| 008 | 070214s1957 sp r ||||1| spa d | ||
| 100 | 1 |
_aSalvaneschi, Nino. _9102111 |
|
| 245 | 1 | 3 |
_aLa última ofensiva _b: el asesinato de dios / _cNino Salvaneschi ; versión española de Camilo Jordá Moncho. |
| 260 |
_aMadrid : _bEd. El Perpetuo Socorro, _c1957. |
||
| 300 |
_a130 p. ; _c19 cm. |
||
| 700 | 1 |
_aJordá Moncho, Camilo. _966901 |
|
| 852 |
_aES-MaACL _jC-14260 _bR.41706 |
||
| 999 |
_c137178 _d137178 |
||